| 000 | 00838nam a22002777a 4500 | ||
|---|---|---|---|
| 003 | CHAP | ||
| 005 | 20220329140816.0 | ||
| 008 | 971013s1974 r 00010 d | ||
| 010 | _a57965 | ||
| 011 | _a58937 | ||
| 035 | _a63094 | ||
| 040 | _cCHAP | ||
| 082 |
_a589.3 _bS8 |
||
| 100 | 0 | 0 |
_aStewart, William Duncan Patterson _eed. _9109781 |
| 245 | _aAlgal physiology and biochemistry | ||
| 260 |
_aBerkeley : _bUniversity of California, _c1974 |
||
| 300 |
_a989 p. _b: ilus. ; láms. |
||
| 490 |
_aBotanical monographs _v; 10 |
||
| 590 |
_aBATCH-UPD _b10 _c20130110 _lUCH01 _h1053 |
||
| 590 |
_aCONVERSION _b10 _c20130109 _lUCH01 _h1331 |
||
| 650 | 1 | 4 |
_aAlgas. _93947 |
| 830 | 0 |
_aBotanical monographs _v; 10 _914449 |
|
| 901 | _aBK | ||
| 942 | _cLIBRO | ||
| 949 |
_a589.3 S8 _bBC _cLIBRO _d33724000375234 _eLIBRO _h32347 _i63094 _mD _si _t600.00 |
||
| 999 |
_c57965 _d57965 |
||